000
00241nam a2200097Ia 4500
005
20250424112850.0
008
250424s9999 xx 000 0 und d
300
_a
15 P. :ill. ; 28 cm.
650
_a
Civil engineering--Periodicals.
942
_c
SR
999
_c
37585
_d
37585